000 01589cam a22004694i 4500
003 PE-LiUPU
005 20250731173522.0
008 150616s r 000 0 d
020 _a0664250408
035 _a(Sirsi) i9780664250409
040 _aPE-LiUPU
_bspa
_cPE-LiUPU
_erda
049 _aPRUA
082 0 4 _a264.088543
_bS79
_221
100 1 _aStewart, Sonja M.,
_eautor.
245 1 0 _aYoung Children and Worship.
264 1 _aLouisville, Kentucky :
_bWestminster/John Knox Press,
_c1989.
300 _a214 páginas ;
_c25 centímetros
336 _atext
_2rdacontent
337 _aunmediated
_2rdamedia
338 _avolume
_2rdacarrier
505 0 _aHow the church measures time.- Orientation to the worship center.- The good shepher.- The ten best ways to live.
526 _aSEG42
526 _aSEG41
526 _aSEG40
526 _aSEG39
526 _aP94
526 _aP87
526 _aP86
526 _aP85
526 _aP77
526 _aP76
526 _aP35
650 0 4 _aCULTO Y ADORACION - Educación RELIGIOSA.
700 1 _aBerryman, Jerone W.
910 _ajck
_bjvq
_cjck
942 _2ddc
_cBOOK
949 _a264.088543 S79
_wDEWEY
_c1
_i42987
_lCCODEBUL1
_mBUL
_r0
_sY
_tBOOK
_u2015-6-16
_xTEOLOGIA
_zUNKNOWN
_0COMPRA
_o.STAFF. Colección General
994 _aC0
_bPEPRU
596 _a1
999 _a264.088543 S79
_wDEWEY
_c59734
_i42987
_f2021-11-10
_g5
_lCCODEBUL1
_mBUL
_r0
_sY
_tBOOK
_u2015-6-16
_xTEOLOGIA
_zUNKNOWN
_0COMPRA
_o.STAFF. Colección General
_d59734
980 _81
_gALBERTO SANCHEZ Responsable de Automatización